[Event "Munich OIS op 37th"]
[Site "Munich"]
[Date "2017.10.01"]
[Round "2"]
[White "Feldmann, Johannes"]
[Black "Strobl, Raimund"]
[Result "1-0"]
[WhiteElo "2208"]
[BlackElo "2025"]
[PlyCount "83"]
[EventDate "2017.09.30"]
[EventType "swiss"]
[EventRounds "9"]
[EventCountry "GER"]
[SourceTitle "CBM 181 Extra"]
[Source "ChessBase"]
[SourceDate "2017.12.12"]
[SourceVersion "1"]
[SourceVersionDate "2017.12.12"]
[SourceQuality "1"]

1. c4 Nc6 2. Nc3 e5 3. Nf3 Nf6 4. g3 Bb4 5. Bg2 d6 6. 0-0 0-0 7. d3 h6 8. Bd2 a5 9. Ne1 Bc5 10. Nc2 Nd4 11. Nxd4 Bxd4 12. Qc2 c6 13. Rab1 Be6 14. e3 Bc5 15. a3 Bb6 16. b4 axb4 17. axb4 d5 18. cxd5 cxd5 19. Na4 Ba7 20. Nc5 Rc8 21. Qb2 Qc7 22. Rfc1 Qb8 23. Nxe6 fxe6 24. b5 Bb6 25. Bh3 Kf7 26. Bc3 Bc7 27. b6 Bd6 28. Kh1 Rc6 29. f4 Nd7 30. fxe5 Rxb6 31. Qf2+ Ke8 32. Qc2 Rxb1 33. Rxb1 Bxe5 34. d4 Bf6 35. Bxe6 Qd6 36. Qf5 b6 37. Bb4 Nc5 38. dxc5 bxc5 39. Ba3 d4 40. Qxc5 Qxe6 41. Qxf8+ Kd7 42. Qa8 1-0